Normal view
MARC view
- Urdu TanoMazha
Entry Topical Term
001 - CONTROL NUMBER
- control field: 110034
003 - CONTROL NUMBER IDENTIFIER
- control field: NUST
005 - DATE AND TIME OF LATEST TRANSACTION
- control field: 20230308191209.0
008 - FIXED-LENGTH DATA ELEMENTS
- fixed length control field: 230308|| aca||aabn | a|a d
040 ## - CATALOGING SOURCE
- Original cataloging agency: NUST
- Transcribing agency: NUST
150 ## - HEADING--TOPICAL TERM
- Topical term or geographic name entry element: Urdu TanoMazha
670 ## - SOURCE DATA FOUND
- Source citation: Work cat.: (NUST)187995: Qasmi , Ata ul Haq 110033, Khand-e-Mukarrar / خندہ مکرر (Urdu) /, 1994
